[Event "Barcelona Sant Marti op-B 21st"]
[Site "Barcelona"]
[Date "2019.07.16"]
[Round "4"]
[White "Recacha Limeres, Sergio"]
[Black "Orts Gonzalez, Rafael"]
[Result "1-0"]
[WhiteElo "1542"]
[BlackElo "1024"]
[PlyCount "45"]
[EventDate "2019.07.13"]
[EventType "swiss"]
[EventRounds "9"]
[EventCountry "ESP"]
[SourceTitle "EXT 2020"]
[Source "ChessBase"]
[SourceDate "2019.10.17"]
[SourceVersion "1"]
[SourceVersionDate "2019.10.17"]
[SourceQuality "1"]

1. e4 e5 2. Nf3 Nc6 3. Bb5 Nge7 4. 0-0 g6 5. d4 exd4 6. Nxd4 Bg7 7. Be3 a6 8. Ba4 b5 9. Bb3 0-0 10. c3 Rb8 11. Nd2 b4 12. f4 h6 13. f5 gxf5 14. exf5 Bf6 15. Bxh6 Re8 16. Ne4 Bh8 17. Qh5 d5 18. Rf3 Nxd4 19. Rg3+ Ng6 20. fxg6 Nf5 21. gxf7+ Kh7 22. Bf8+ Nh6 23. Qxh6# 1-0

[Event "Barcelona Sant Marti op-B 21st"]
[Site "Barcelona"]
[Date "2019.07.15"]
[Round "3"]
[White "Orts Gonzalez, Rafael"]
[Black "Febrero Perez, Lluis"]
[Result "0-1"]
[WhiteElo "1024"]
[BlackElo "1642"]
[PlyCount "56"]
[EventDate "2019.07.13"]
[EventType "swiss"]
[EventRounds "9"]
[EventCountry "ESP"]
[SourceTitle "EXT 2020"]
[Source "ChessBase"]
[SourceDate "2019.10.17"]
[SourceVersion "1"]
[SourceVersionDate "2019.10.17"]
[SourceQuality "1"]

1. g3 g6 2. e4 e5 3. d3 Bg7 4. Be2 b6 5. f4 Bb7 6. Nf3 exf4 7. gxf4 c5 8. Be3 Bxb2 9. Nbd2 Nh6 10. Rb1 Ng4 11. Bf2 Nxf2 12. Kxf2 Bg7 13. h4 Nc6 14. Nc4 d5 15. Ncd2 Qd6 16. e5 Qe6 17. Ng5 Qf5 18. Bg4 Qxf4+ 19. Bf3 Bxe5 20. Nf1 h6 21. Nh3 Qxh4+ 22. Ke2 Nd4+ 23. Ke3 Nxf3 24. Nf2 d4+ 25. Ke2 Qg5 26. Nd2 Qe3+ 27. Kf1 Nxd2+ 28. Kg1 Qg3# 0-1

[Event "Barcelona Sant Marti op-B 19th"]
[Site "Barcelona"]
[Date "2017.07.14"]
[Round "2"]
[White "Orts Gonzalez, Rafael"]
[Black "Sagar, Siya"]
[Result "0-1"]
[WhiteElo "1026"]
[BlackElo "1608"]
[PlyCount "74"]
[EventDate "2017.07.13"]
[EventType "swiss"]
[EventRounds "9"]
[EventCountry "ESP"]
[SourceTitle "EXT 2018"]
[Source "ChessBase"]
[SourceDate "2017.10.13"]
[SourceVersion "1"]
[SourceVersionDate "2017.10.13"]
[SourceQuality "1"]

1. d4 Nf6 2. Bf4 g6 3. c3 d5 4. Be5 Bg7 5. Bxf6 Bxf6 6. e3 0-0 7. c4 dxc4 8. Bxc4 c5 9. Ne2 Nc6 10. Bb5 Qa5+ 11. Nbc3 cxd4 12. exd4 Nxd4 13. Qa4 Qb6 14. 0-0 Nxb5 15. Qxb5 Qxb5 16. Nxb5 Bxb2 17. Nec3 Bxa1 18. Rxa1 Bf5 19. Re1 e6 20. Nd6 b6 21. h3 Rfd8 22. g4 Rxd6 23. gxf5 gxf5 24. a4 Rad8 25. Kh1 Rd4 26. Ra1 Rd3 27. Nb5 a5 28. Rc1 Rb3 29. Rc6 Rb8 30. Na7 Rb4 31. Nc8 b5 32. axb5 R4xb5 33. Nd6 R5b6 34. Rc8+ Rxc8 35. Nxc8 Rb1+ 36. Kg2 a4 37. Na7 a3 0-1